| 000 | 01122cam a22002893a 4500 | ||
|---|---|---|---|
| 001 | 20365 | ||
| 003 | PGUSA | ||
| 005 | 20140828083430.0 | ||
| 008 | 070115s2007||||xxu|||||s|||||000 1 eng d | ||
| 040 |
_aPGUSA _beng |
||
| 042 | _adc | ||
| 050 | 4 | _aPS | |
| 100 | 1 |
_aMurfree, Mary Noailles, _d1850-1922 |
|
| 245 | 1 | 4 |
_aThe Young Mountaineers : _bShort Stories _h[electronic resource] / _cMary Noailles Murfree |
| 260 |
_bProject Gutenberg, _c2007 |
||
| 505 | 0 | _aThe mystery of old Daddy's window -- 'Way down in Poor Valley -- A mountain storm -- Borrowing a hammer -- The Conscripts' Hollow -- A warning -- Among the cliffs -- In the "chinking" -- On a higher level -- Christmas Day on Old Windy Mountain. | |
| 506 | _aPublic domain in the USA. | ||
| 516 | _aElectronic text | ||
| 653 | _aShort stories, American | ||
| 653 | _aTennessee -- Social life and customs -- Fiction | ||
| 653 | _aCumberland Mountains -- Fiction | ||
| 653 | _aMountain life -- Fiction | ||
| 700 | 1 |
_aFraser, Malcolm, _d1868-1949 |
|
| 830 | 0 |
_aProject Gutenberg _v20365 |
|
| 856 | 4 | 0 | _uhttp://www.gutenberg.org/ebooks/20365 |
| 942 | _cEB | ||
| 999 |
_c249620 _d249620 |
||